Statistics for Recovery Tracklist (Eminem)

Click here to take the quiz!

General Stats

  • This quiz has been taken 4 times
  • The average score is 10 of 17

Answer Stats

HintAnswer% Correct
15Love The Way You Lie
100%
9No Love
100%
7Not Afraid
100%
10Space Bound
100%
17Untitled
75%
1225 To Life
50%
14Almost Famous
50%
1Cold Wind Blows
50%
6Going Through Changes
50%
8Seduction
50%
13So Bad
50%
4Won't Back Down
50%
5W.T.P.
50%
11Cinderella Man
25%
3On Fire
25%
2Talkin' 2 Myself
25%
16You're Never Over
25%

Score Distribution

Percentile by Number Answered

Percent of People with Each Score

Your Score History

You have not taken this quiz